| 000 | 01020nac a22003017a 4500 | ||
|---|---|---|---|
| 001 | BR9300369 | ||
| 003 | BR-BrBNA | ||
| 005 | 20240105121338.0 | ||
| 008 | 230509b bl.|||m| |||| 00| 0 por d | ||
| 040 |
_aBR-BrBNA _bpor _cBiblioteca Nacional de Agricultura |
||
| 072 | _aF30 | ||
| 090 | _a0150 BR9300369 | ||
| 100 | 1 | _aBarros, L.G. de | |
| 100 | 1 | _aSousa, N.R.G. | |
| 100 | 1 | _aMorais, O.P. de | |
| 100 | 1 | _aGuimaraes, E.P. | |
| 100 | 1 | _aPrabher, A.S. | |
| 110 | 1 |
_aEmpresa de Pesquisa Agropecuaria do Estado de Mato Grosso S.A., Cuiaba (Brasil) _94113 |
|
| 245 | 1 | _aAraguaia, cultivar de arroz-de-sequeiro de ciclo medio para Mato Grosso | |
| 260 | 3 |
_aCuiaba, MT (Brasil): _c1989. |
|
| 300 | _a6 p. | ||
| 490 |
_aComunicado Tecnico - Empresa de Pesquisa Agropecuaria do Estado de Mato Grosso S.A. (Brazil) _vno. 10 _xISSN 0101-9015 |
||
| 650 | _aArroz Sequeiro | ||
| 650 | _aVariedade Resistente | ||
| 650 | _aMato Grosso | ||
| 909 |
_a202312 _bLúcia Elande _c55 _dLúcia Elande |
||
| 942 |
_2AGRIS _n0 _cMS |
||
| 999 |
_c284770 _d284770 |
||